Formula 1 world champions + corresponding year - Statistics

General Stats
  • This quiz has been taken 78 times
  • The average score is 61 of 74
Answer Stats
Hint Answer Answer % Correct
2023 Max Verstappen Red Bull Racing
100%
2022 Max Verstappen Red Bull Racing
98%
2005 Fernando Alonso Renault
96%
2020 Lewis Hamilton Mercedes
96%
2019 Lewis Hamilton Mercedes
96%
2018 Lewis Hamilton Mercedes
96%
2017 Lewis Hamilton Mercedes
96%
2015 Lewis Hamilton Mercedes
96%
2014 Lewis Hamilton Mercedes
96%
2008 Lewis Hamilton McLaren
96%
2021 Max Verstappen Red Bull Racing
96%
2004 Michael Schumacher Ferrari
96%
2003 Michael Schumacher Ferrari
96%
2002 Michael Schumacher Ferrari
96%
2001 Michael Schumacher Ferrari
96%
2000 Michael Schumacher Ferrari
96%
2016 Nico Rosberg Mercedes
96%
2013 Sebastian Vettel Red Bull Racing
96%
2012 Sebastian Vettel Red Bull Racing
96%
2011 Sebastian Vettel Red Bull Racing
96%
2010 Sebastian Vettel Red Bull Racing
96%
2006 Fernando Alonso Renault
93%
2007 Kimi Räikkönen Ferrari
91%
1990 Ayrton Senna McLaren
87%
1988 Ayrton Senna McLaren
87%
1995 Michael Schumacher Benetton
87%
1994 Michael Schumacher Benetton
87%
1999 Mika Häkkinen McLaren
87%
1998 Mika Häkkinen McLaren
87%
1989 Alain Prost McLaren
84%
1991 Ayrton Senna McLaren
84%
2009 Jensen Button Brawn GP
84%
1976 James Hunt McLaren
82%
1993 Alain Prost Williams
80%
1986 Alain Prost McLaren
80%
1985 Alain Prost McLaren
80%
1996 Damon Hill Williams
80%
1997 Jacques Villeneuve Williams
80%
1987 Nelson Piquet Williams
80%
1992 Nigel Mansell Williams
80%
1984 Niki Lauda McLaren
80%
1977 Niki Lauda Ferrari
80%
1975 Niki Lauda Ferrari
80%
1969 Jackie Stewart Matra
78%
1950 Nino Farina Alfa Romeo
78%
1953 Alberto Ascari Ferrari
76%
1952 Alberto Ascari Ferrari
76%
1971 Jackie Stewart Tyrrell
76%
1957 Juan Manuel Fangio Maserati
76%
1956 Juan Manuel Fangio Ferrari
76%
1955 Juan Manuel Fangio Mercedes
76%
1954 Juan Manuel Fangio Mercedes
76%
1951 Juan Manuel Fangio Alfa Romeo
76%
1983 Nelson Piquet Brabham
76%
1981 Nelson Piquet Brabham
76%
1973 Jackie Stewart Tyrrell
73%
1979 Jody Scheckter Ferrari
73%
1980 Alan Jones Williams
71%
1974 Emerson Fittipaldi McLaren
71%
1966 Jack Brabham Brabham
71%
1965 Jim Clark Lotus
71%
1978 Mario Andretti Lotus
71%
1972 Emerson Fittipaldi Lotus
69%
1960 Jack Brabham Cooper
69%
1959 Jack Brabham Cooper
69%
1963 Jim Clark Lotus
69%
1970 Jochem Rindt Lotus
69%
1958 Mike Hawthorn Ferrari
69%
1968 Graham Hill Lotus
67%
1962 Graham Hill BRM (British Racing Motors)
67%
1964 John Surtees Ferrari
67%
1982 Keke Rosberg Williams
67%
1961 Phill Hill Ferrari
67%
1967 Denny Hulme Brabham
56%
No matching quizzes found
Score Distribution
Percent of People with Each Score
Percentile by Number Answered
Your Score History
You have not taken this quiz